000 02092nam a22003377a 4500
001 3888
003 FISKH
005 20240521144713.0
008 240521b cb ||||| |||| 00| 0 eng d
020 _a9789996327117
040 _aFISKH
_bKhr
_cFISKH
_dFISKH
050 _aPZ7
082 _a649.15
100 _aTongeang, Sarn
245 _aSmart 100 stories :
_bThe stories that makes you smarter /
260 _aPhnom Penh ;
_bYou Can,
_cUndated.
300 _a106 pages :
_bcolor illustrations ;
_c30 cm
490 _aរឿងនិទានភាសាខ្មែរ-អង់គ្លេស សម្រាប់អ្នកសិក្សាគ្រប់កម្រិត
500 _aRead, fun and smart
520 _aសៀវភៅ Smart 100 Stories ជាសៀវភៅរឿងនិទានខ្លីប្រមូលផ្ដុំដោយអត្ថបទរឿងល្អៗ ជាភាសាខ្មែរនិងអង់គ្លេសដែលត្រូវបាននិពន្ធចងក្រងឡើងដើម្បីចូលរួមចំណែកអភិវអ្ឍចំណេះដឹង និងជំនាញនៃការអានរបស់មិត្តអ្នកសិក្សាទាំងអស់គ្នា ទាំងក្នុងភាសាអង់គ្លេសនិងក្នុងភាសាជាតិយើង។
520 _aSmart 100 Stories is a book of short stories with a collection of good stories in Khmer and English, written to contribute to the development of reading knowledge and skills of all students in both English and English. In our national language.
650 _aរឿងនិទានកុមារឆ្លាត
650 _aSmart Kid Stories រឿងនិទានកុមារឆ្លាត
700 _aSamourn, Ouk
_eAuthor
700 _aSokheang, Long
_eAuthor
700 _aMeng, Mouern
_eAuthor
700 _aTola, Morm
_eIllustrator
700 _aBunroeurn, Bou
_eIllustrator
942 _2ddc
_cBK
_n0
999 _c3888
_d3888